000 00721nam a22002177a 4500
005 20251108171934.0
008 250721s2001 xx 000 0 ara d
082 1 4 _a933/سوس
100 1 _aسوسه، أحمد
245 1 0 _aملامح من التاريخ القديم ليهود العراق :
_bيهود العراق /
250 _aط2
264 1 _aبغداد :
_bمركز الدراسات الفلسطينية - جامعة بغداد،
_c2001.
300 _a326ص : ملاحق
490 0 _aسلسلة دراسات فلسطينية ؛ 12
650 1 7 _aاليهود
650 1 7 _aالتاريخ القديم
650 1 7 _aالتاريخ
650 1 7 _aالعراق
942 _2ddc
_cBK
999 _c66400
_d66400